|
|
|
|
| LEADER |
00000nam2a2200000 4500 |
| 001 |
292997 |
| 005 |
20231102000542.0 |
| 035 |
|
|
|a (RuTPU)RU\TPU\book\317791
|
| 090 |
|
|
|a 292997
|
| 100 |
|
|
|a 20150428d1984 k y0rusy50 ca
|
| 101 |
0 |
|
|a rus
|
| 102 |
|
|
|a RU
|
| 105 |
|
|
|a a z 001zy
|
| 200 |
0 |
|
|a Т. 1 : 1941-1943
|
| 210 |
|
|
|d 1984
|
| 215 |
|
|
|a 510 с.
|c ил.
|
| 320 |
|
|
|a Библиогр.: с. 481-494
|
| 461 |
|
1 |
|0 (RuTPU)RU\TPU\book\300032
|t Советско-американские отношения во время Великой Отечественной войны, 1941-1945 : документы и материалы
|o в 2 т.
|f СССР, Министерство иностранных дел
|v Т. 1 : 1941-1943
|d 1984
|
| 606 |
1 |
|
|a СССР и США
|x Международные отношения
|z 1941-1945
|2 stltpush
|3 (RuTPU)RU\TPU\subj\66696
|9 82747
|
| 610 |
1 |
|
|a Великая Отечественная война 1941-1945
|
| 610 |
1 |
|
|a советско-американские отношения
|
| 610 |
1 |
|
|a внешняя политика
|
| 610 |
1 |
|
|a выступления
|
| 610 |
1 |
|
|a телеграммы
|
| 610 |
1 |
|
|a коммюнике
|
| 610 |
1 |
|
|a послания
|
| 610 |
1 |
|
|a беседы
|
| 686 |
|
|
|a Т3(2)622-64
|v LBC/SL-A
|2 rubbk
|
| 801 |
|
1 |
|a RU
|b 63413507
|c 20150428
|
| 801 |
|
2 |
|a RU
|b 63413507
|c 20181009
|g RCR
|
| 942 |
|
|
|c BK
|